Statistics for Countries By Visa-Free Access Exceptions

Click here to take the quiz!

General Stats

  • This quiz has been taken 117 times
  • The average score is 11 of 23

Answer Stats

CountryThe only passports without visa-free access% Correct
ComorosChina
81%
DominicaDominican Republic
78%
HaitiDominican Republic
78%
UgandaSomalia
71%
HaitiCuba
65%
CambodiaIraq
64%
DjiboutiEritrea
60%
DjiboutiSouth Sudan
60%
CambodiaSyria
57%
CambodiaSaudi Arabia
53%
PalauMyanmar
52%
DominicaHaiti
45%
PalauBangladesh
42%
CambodiaBangladesh
42%
BoliviaCentral African Republic
36%
HaitiColombia
36%
HaitiPanama
36%
CambodiaLebanon
35%
Cape VerdeMorocco
34%
RwandaTonga
15%
MadagascarPalestine
13%
HaitiPalestine
13%
RwandaBelgium
4%

Score Distribution

Percentile by Number Answered

Percent of People with Each Score

Your Score History

You have not taken this quiz